Science Quiz

Random Science or Letter Quiz

First Number (A-Z) Quiz Stats

 Plays Quiz Updated Mar 6, 2020

Support Sporcle.
Go Orange.
Score 0/24 Timer 05:00
0 Plays Today
Letter Number % Correct
FFour
90.6%
NOne
89.4%
EZero
88.8%
TTwo
88.5%
IFive
88.3%
HThree
88.3%
BOne billion
88%
OZero
88%
SSix
86.6%
VFive
85.7%
RZero
85.2%
WTwo
84.7%
Letter Number % Correct
UFour
83.5%
XSix
83.3%
ZZero
83.3%
GEight
81.9%
LEleven
80.6%
MOne million
79.5%
YTwenty
78.6%
AOne thousand
76.6%
DOne hundred
70%
QOne quadrillion
51.6%
POne septillion
26.7%
COne octillion
24.3%

You're not logged in!

Compare scores with friends on all Sporcle quizzes.
OR
Log In

From the Vault

Lightning Storm Skylines

by sbme

All those volts of electricity gotta hit something!
Remove Ads.
Support Sporcle.
Get the best of Sporcle when you Go Orange. This ad-free experience offers more features, more stats, and more fun while also helping to support Sporcle. Thank you for becoming a member.

Show Comments

Extras

Top Quizzes Today


Score Distribution

Your Account Isn't Verified!

In order to create a playlist on Sporcle, you need to verify the email address you used during registration. Go to your Sporcle Settings to finish the process.

Report this User

Report this user for behavior that violates our Community Guidelines.

Details: